NCCA Division 1 Football Rivalries - Statistics

General Stats
  • This quiz has been taken 50 times
    49 since last reset
  • The average score is 50 of 130
Answer Stats
Game/Hint Trophy 2nd Hint Answer % Correct
Red River Rivalry Golden Hat Oklahoma Texas
78%
Secretary's Game Army Navy
73%
Crab Bowl Classic Crab Bowl Trophy Maryland Navy
73%
Battle for the Bell The Bell Marshall Ohio
70%
Battle of the Bricks Miami (OH) Ohio
70%
Illibuck Trophy Illinois Ohio State
62%
The Game Michigan Ohio State
62%
Tiger-Sooner Peace Pipe Missouri Oklahoma
62%
Iron Bowl James E. Foy, V-ODKSportsmanship Trophy Alabama Auburn
59%
Golden Boot Arkansas LSU
59%
Tiger Bowl Auburn LSU
59%
Cy-Hawk Trophy Iowa Iowa State
57%
Deep South's Oldest Rivalry Auburn Georgia
54%
Okefenokee Oar Florida Georgia
54%
The Bourbon Barrel Indiana Kentucky
54%
Battle of the Brazos Baylor Texas A&M
54%
Lone Star Showdown Texas Texas A&M
54%
Southwest Classic Southwest Classic Trophy Arkansas Texas A&M
54%
Jeweled Shillelagh Notre Dame USC
54%
Victory Bell UCLA USC
54%
Apple Cup Apple Cup Trophy Washington Washington State
54%
Saddle Trophy TCU Texas Tech
51%
Chancellor's Spurs Texas Texas Tech
51%
Makala TrophyFlorida Cup Florida Florida State
49%
Heroes Trophy Iowa Nebraska
49%
$5 Bits of Broken Chair Trophy Minnesota Nebraska
49%
Victory Bell Missouri Nebraska
49%
Frank Leahy Memorial Bowl Ireland Trophy Boston College Notre Dame
49%
Megaphone Trophy Michigan State Notre Dame
49%
Rip Miller Trophy Navy Notre Dame
49%
Holy War BYU Utah
49%
Rumble in the Rockies Colorado Utah
49%
Clean, Old Fashioned Hate Governor's Cup Georgia Georgia Tech
46%
Old Brass Spittoon Indiana Michigan State
46%
Paul Bunyan Trophy Michigan Michigan State
46%
Bedlam Series Bedlam Bell Oklahoma Oklahoma State
46%
Farmageddon Iowa State Kansas State
43%
Sunflower Showdown Governor's Cup Kansas Kansas State
43%
Purdue Cannon Illinois Purdue
43%
Old Oaken Bucket Indiana Purdue
43%
Shillelagh Trophy Notre Dame Purdue
43%
Battle of the Carolinas North Carolina South Carolina
43%
Palmetto Bowl Clemson South Carolina
43%
Backyard Brawl Pittsburgh West Virginia
43%
Friends of Coal Bowl Marshall West Virginia
43%
Ben Schwartzwalder Trophy Syracuse West Virginia
43%
Black Diamond Trophy Virginia Tech West Virginia
43%
Heartland Trophy Iowa Wisconsin
43%
Paul Bunyan's Axe Minnesota Wisconsin
43%
Freedom Trophy Nebraska Wisconsin
43%
Duel in the Desert Territorial Cup Arizona Arizona State
41%
Ram-Falcon Trophy Air Force Colorado State
41%
Rocky Mountain Showdown Centennial Cup Colorado Colorado State
41%
Floyd of Rosedale Iowa Minnesota
41%
Little Brown Jug Michigan Minnesota
41%
Battle Line Rivalry Battle Line Trophy Arkansas Missouri
41%
Border War Indian War DrumLamar Hunt Trophy Kansas Missouri
41%
Telephone Trophy Iowa State Missouri
41%
Land of Lincoln Trophy Illinois Northwestern
41%
George Jewitt Trophy Michigan Northwestern
41%
Egg Bowl Golden Egg Trophy Mississippi State Ole Miss
41%
Magnolia Bowl Magnolia Bowl Trophy LSU Ole Miss
41%
Platypus Trophy Oregon Oregon State
41%
Land Grant Trophy Michigan State Penn State
41%
Governor's Victory Bell Minnesota Penn State
41%
Third Saturday in October Alabama Tennessee
41%
Jefferson Eppes Trophy Florida State Virginia
41%
South's Oldest Rivalry North Carolina Virginia
41%
O'Rourke-McFadden Trophy Boston College Clemson
38%
Shula Bowl Don Shula Award Florida Atlantic FIU
38%
Victory Bell Duke North Carolina
38%
Techmo Bowl Georgia Tech Virginia Tech
38%
Commonwealth Cup Virginia Virginia Tech
38%
Victory Cannon Central Michigan Western Michigan
38%
The Keg of Nails Cincinnati Louisville
35%
Governor's Cup Kentucky Louisville
35%
Battle for Highway 82 Alabama Mississippi State
35%
Rio Grande Rivalry New Mexico New Mexico State
35%
Oil Can Fresno State San Diego State
35%
Battle of I-75 Trophy Bowling Green Toledo
35%
War on I-4 War on I-4 Trophy South Florida UCF
35%
Big Game The Axe California Stanford
32%
Bill Walsh Legacy Game San Jose State Stanford
32%
Legends Trophy Notre Dame Stanford
32%
Battle for the Iron Skillet Iron Skillet SMU TCU
32%
Bluebonnet Battle Bluebonnet Shield Baylor TCU
32%
Battle for Nevada Fremont Cannon Nevada UNLV
32%
Battle of the Brothers Utah Utah State
32%
The Old Wagon Wheel BYU Utah State
32%
Battle on the Bayou Wooden Boot Louisiana Louisiana-Monroe
30%
Victory Barrel East Carolina NC State
30%
Textile Bowl Textile Bowl Clemson NC State
30%
Keystone Classic Penn State Pittsburgh
30%
Gansz Trophy Navy SMU
30%
Mayor's Cup Rice SMU
30%
Safeway Bowl North Texas SMU
30%
Border War Bronze Boot Colorado State Wyoming
30%
Bridgers Battle Bridgers Rifle Utah State Wyoming
30%
Paniolo Trophy Hawaii Wyoming
30%
Modern Day Hate Georgia Southern Georgia State
27%
Paint Bucket Bowl Arkansas State Memphis
27%
Bayou Bucket Houston Rice
27%
Battle for the Valley Valley Trophy Fresno State San Jose State
27%
Dick Tomey Legacy Game Dick Tomey Legacy Trophy Hawaii San Jose State
27%
Victory Bell Pacific San Jose State
27%
Battle for the Bell The Bell Southern Miss Tulane
27%
Battle for the Rag Tiger Rag LSU Tulane
27%
Wagon Wheel Akron Kent State
24%
Anniversary Award Bowling Green Kent State
24%
The Old Mountain Feud Appalachian State Marshall
24%
Florida CupSeminole War Cup Florida Miami (FL)
24%
Florida Cup Florida State Miami (FL)
24%
Schnellenberger Trophy Louisville Miami (FL)
24%
Deeper than Hate Appalachian State Georgia Southern
22%
Royal Rivalry Royal Rivalry Trophy James Madison Old Dominion
22%
Governor's Trophy Game The Governor's Perpetual Trophy Oregon Saint Mary's
22%
Black and Blue Bowl Memphis Southern Miss
22%
Rivalry in Dixie Louisiana Tech Southern Miss
22%
Battle for the Bones The Bones Memphis UAB
22%
Battle of I-10 Silver Spade New Mexico State UTEP
22%
I-35 Rivalry Texas State UTSA
22%
Gold Cowbell Georgia Tech Vanderbilt
22%
Milk Can Boise State Fresno State
19%
Kuter Trophy Air Force Hawaii
19%
Golden Screwdriver Fresno State Hawaii
19%
100 Miles of Hate Western Kentucky Middle Tennessee
19%
Battle for the Belt The Belt South Alabama Troy
16%
Battle for the Palladium The Palladium Trophy Middle Tennessee Troy
16%
Bronze Stalk Trophy Ball State Northern Illinois
11%
Green Line Rivalry Boston College Boston University
5%
No matching quizzes found
Score Distribution
Percent of People with Each Score
Percentile by Number Answered
Your Score History
You have not taken this quiz since the last reset